000 02901nam a2200241 a 4500
001 000042701
003 DO-SdBNP
005 20250808110924.0
007 ta
008 140205s2012 dr 000 0 spa d
020 _a9789945475395
040 _aDO-SdBNP
_bspa
_cBNPHU
082 4 _axxx
_bC719
_222
245 0 0 _aColoquios 2011 /
_ccoordinador Juan Freddy Armando...[et.al].
260 _aSanto Domingo :
_bDirección Nacional de la Feria del Libro.,
_c2012.
300 _a419 p. ;
_c24 cm.
500 _aIncluye referencias bibliográficas al pie de las página
505 0 _aLa mascara sin Trujillo o la triste historia de la sumisión /
_rCarmen Imbert Brugal --
_tTestimonio --
_rSina Cabral /
_tVargas Llosa y los escritores de la Revolución Cubana --
_rEdwin Disla /
_tMario Vargas Llosa...50 años después --
_rArmando Almanzar R. /
_tJaime Colson y la religión --
_rMarianne de Tolentino /
_tArte sacro devoción y creación --
_rVirginia María Roca Pezzotti /
_tLa diplomacia pontificia. Algunas pinceladas históricas --
_rCristina Aguiar /
_tRelaciones históricas entre la Santa Sede y el Estado Dominicano --
_rVíctor Gómez Bergés /
_tLa diplomacia pontificia en el escenario internacional actual --
_rManuel Morales Lama /
_tLa música sacra. Componentes dominicanos --
_rJosé Enrique Delmonte Peguero /
_tLos latidos de la religión y el mito en la poesía dominicana --
_rOdalís G. Pérez /
_tReflexiones sobre la Era de Trujillo --
_rFernando Infante /
_tLas falsas hazañas de Trujillo --
_rBernardo Vega /
_tAportes de la iglesia católica a la sociedad y cultura dominicana en los últimos 50 años --
_rLuis Emilio Montalvo Arzeno /
_tLa figura de Fray Pedro de Córdoba --
_rRosa Krawinkel /
_tImágenes sagradas, espacio profano: identidad, vanguardia y religiosidad en el arte dominicano --
_rMaría Elena Ditrén /
_tPresencia del tema religioso en el arte dominicano --
_rAmable López Meléndez /
_tArte Sagrado en República Dominicana --
_rCésar Iván Feris Iglesias /
_tDel patronato al concordato. Notas para una historia de las relaciones entre la Santa Sede y Santo Domingo --
_rRafael Marion- Landais /
_tMario Vargas Llosa y la fiesta del Chivo --
_rLourdes Camilo de Cuello /
_tLa expedición de Constanza. Maimón y Estero Hondo o del 14 de junio --
_rDelio Gómez Ochoa /
_tLa poesía religiosa en las letras dominicanas experiencia espiritual y conexión cósmica --
_rBruno Rosario Candelier /
_tLa poesía religiosa. Presupuestos fundamentales --
_rTulio Cordero /
_tMúsica religiosa en la América colonial --
_rCarlos Andrés Mejía /
_tTrujillo: la República Dominicana 50 años después de su muerte... --
_rMiguel Guerrero /
_t500 años de evangelización --
_rJosé Báez Guerrero /
_tPoesía religiosa dominicana --
_rDaniel Baruc Espinal Rivera //
590 _aInventariado, 2020/ YL
700 1 _aArmando, Juan Freddy,
_ecoor.
_924389
910 _aYLockward
942 _2ddc
_cLBS1
999 _c42190
_d42190